Kraje najbliższe Nauru - Statystyki

Ogólne statystyki
  • Ten quiz został rozwiązany 226 razy
  • Średni wynik to 13 z 20
Statystyki odpowiedzi
km kraj % Poprawnych
2863 Australia
96%
3820 Nowa Zelandia
92%
2892 Indonezja
80%
3692 Palau
80%
598 Wyspy Marshalla
80%
1392 Papua-Nowa Gwinea
79%
1104 Wyspy Salomona
78%
1160 Tuvalu
77%
1737 Fidzi
74%
776 Mikronezja
74%
1397 Vanuatu
74%
288 Kiribati
72%
2662 Samoa
68%
2544 Tonga
66%
4561 Filipiny
64%
4478 Timor-Leste
58%
5132 Japonia
43%
3219 Wyspy Cooka
15%
3255 Niue
13%
4342 Stany Zjednoczone
10%
Nie znaleziono quizów pasujących do podanych kryteriów
Rozkład punktacji
Procent ludzi z każdym wynikiem
Percentyl według liczby udzielonych odpowiedzi
Twoja historia wyników
Nie rozwiązałeś tego quizu